000 00434nam a2200169Ia 4500
008 190516s9999 xx 000 0 und d
100 _aCrisostomo, Shiela
245 _aDOH: 6,532 new HIV cases in 7 moths/
245 _cShiela Crisostomo
260 _bThe Philippine Star
260 _c2018
300 _aSeptember 11
440 _aThe Philippine Star
650 _aAIDS (Disease)
650 _aHealth
650 _aHIV virus
999 _c361858
_d361858